La estructura electrónica de los sólidos

Đã lưu trong:
Chi tiết về thư mục
Tác giả chính: Falicov, Leopoldo M (Tác giả)
Định dạng: Sách
Ngôn ngữ:Tiếng Tây Ban Nha
Được phát hành: Washington, D.C Organización de los Estados Americanos 1980
Phiên bản:3a. ed
Loạt:Serie de Física. Monografía, 3
Những chủ đề:
Các nhãn: Thêm thẻ
Không có thẻ, Là người đầu tiên thẻ bản ghi này!

MARC

LEADER 00000nam a2200000 a 4500
001 UCX1439
003 CL-VaPUC
008 900823e19800000US |||||||||||||||||spa|d
082 0 4 |a 530.41  |b FAL  |2 21 
100 0 |a Falicov, Leopoldo M  |e author  |9 316924 
245 1 3 |a La estructura electrónica de los sólidos 
250 |a 3a. ed 
300 |a 73 p 
942 |c BK 
945 |d 19900823 00:00:00 
260 |a Washington, D.C  |b Organización de los Estados Americanos  |c 1980 
650 0 |a Sólidos  |9 260188 
650 0 |a Física del estado solido  |9 315365 
583 |a last modification  |c 19900823 00:00:00  |k Rodrigo Vera 
490 0 |a Serie de Física. Monografía, 3 
999 |c 222671  |d 222669 
952 |0 0  |1 0  |4 0  |6 530_410000000000000_FAL_1980  |7 0  |8 A  |9 217733  |a BIBCUR  |b BIBCUR  |d 2019-11-15  |i 318238K  |o 530.41 FAL 1980  |p 318238K  |r 2025-04-22  |w 2019-11-15  |y BK  |k BCB